Australian Sport's The Don Award - Statistics

General Stats
  • This quiz has been taken 33 times
    11 since last reset
  • The average score is 10 of 31
Answer Stats
Year Sport Clue Answer % Correct
2022 Tennis Female Ashleigh Barty
89%
2019 Tennis Female Ashleigh Barty
89%
2000 Athletics Female Cathy Freeman
89%
2021 Basketball Male Patrick Mills
78%
2007 Cricket Male Shane Warne
78%
2023 - Team FIFA Women's World Cup 2023 Matildas
67%
2007 Cricket Male Glenn McGrath
67%
1999 Swimming Male Ian Thorpe
67%
2002 Speed Skating Male Steven Bradbury
56%
2020 - Team Australian Women's Cricket Team
44%
2011 Cycling Male Cadel Evans
44%
2017 Boxing Male Jeff Horn
33%
2014 Athletics Female Sally Pearson
33%
2012 Athletics Female Sally Pearson
33%
2013 Golf Male Adam Scott
22%
2005 Swimming Male Grant Hackett
22%
2015 Golf Male Jason Day
22%
2016 Horse Racing Female Michelle Payne
22%
2001 Tennis Male Patrick Rafter
22%
2006 - Team The 2006 Socceroos
22%
2002 Aerial Skiing Female Alisa Camplin
11%
2003 Horse Racing Male Damien Oliver
11%
2009 Athletics Male Steven Hooker
11%
2008 Athletics Male Steven Hooker
11%
1998 Athletics Female Heather Turland
0%
2006 Athletics Female Kerryn McCann
0%
2018 Athletics (AWD) Male Kurt Fearnley
0%
2010 Aerial Skiing Female Lydia Lassila
0%
1998 Cricket Male Mark Taylor
0%
2008 Diving Male Matthew Mitcham
0%
2004 Swimming Female Petria Thomas
0%
No matching quizzes found
Score Distribution
Percent of People with Each Score
Percentile by Number Answered
Your Score History
You have not taken this quiz since the last reset